000
00280nam a2200109Ia 4500
008
210430s9999 xx 000 0 und d
082
_a
720.951 D269E
100
_a
Hazi Amat
_9
54648
245
_a
Examples of Uygur Architectural Art
_c
Hazi Amat
300
_a
108
942
_c
BK
_2
ddc
999
_c
565287
_d
565287